Normal view
MARC view
Entry Personal Name
001 - CONTROL NUMBER
- control field: 9854
003 - CONTROL NUMBER IDENTIFIER
- control field: BD-RjUL
005 - DATE AND TIME OF LATEST TRANSACTION
- control field: 20231101170626.0
008 - FIXED-LENGTH DATA ELEMENTS
- fixed length control field: 231101|| aca||aabn | a|a d
040 ## - CATALOGING SOURCE
- Original cataloging agency: BD-RjUL
- Transcribing agency: BD-RjUL
100 ## - HEADING--PERSONAL NAME
- Personal name: Wahab, G.M. Abdul
670 ## - SOURCE DATA FOUND
- Source citation: Work cat.: (BD-RjUL)82228: Wahab, G.M. Abdul, Social work education of Public Universities in Bangladesh : , 2020